00830 2200193 4500001002100000005001500021035002000036245005300056100001800109250001700127300003200144260003500176082000800211084001400219020002200233650002100255520034700276500001300623INLIS00000000000081920241113093350 a0010-11240000421 aEnsiklopedia IPA SD :bTumbuhan /cDjoko Santoso0 aDjoko Santoso aCetakan Ke-1 aii, 32 hlm :bIlus ;c32 cm aJakarta :bGaneca Exact,c2006 a503 a503 DJO e a978-979-744-690-5 4aEnsiklopedia IPA aTumbuhan banyak dijumpai di lingkungan siswa. Di rumah ada pot tanaman bunga, anggrek, bonsai, atau cabai. Di sekitar rumah ada pohon jambu, belimbing, rambutan, atau durian. Pada buku ini siswa juga dikenalkan dengan berbagai jenis tumbuhan yang ada di dunia ini. Tujuannya agar wawasan siswa mengenai tumbuhan menjadi semakin luas dan kaya. aSeri IPA